LEADER 01727oas 2200565 a 450 001 9910626165503321 005 20250713213019.0 011 $a2332-6476 035 $a(OCoLC)61855994 035 $a(CONSER) 2005262215 035 $a(CKB)991042754000648 035 $a(EXLCZ)99991042754000648 100 $a20051007a19uu9999 sy a 101 0 $aeng 135 $aurcn||||||||| 181 $ctxt$2rdacontent 182 $cc$2rdamedia 183 $acr$2rdacarrier 200 10$aProceedings of the ... International Workshop on Research Issues in Data Engineering 210 $a[Los Alamitos, Calif.] $c[IEEE Computer Society Press] 300 $aEach conference covers a specific conference theme. 311 08$a1097-8585 517 3 $aInternational Workshop on Research Issues in Data Engineering 517 3 $aResearch Issues in Data Engineering 517 1 $aRIDE 531 0 $aProc. Int. Workshop Res. Issues Data Eng. 606 $aDatabase management$vCongresses 606 $aDatabase management$2fast$3(OCoLC)fst00888037 608 $aConference papers and proceedings.$2fast 615 0$aDatabase management 615 7$aDatabase management. 676 $a005 712 02$aIEEE Computer Society.$bTechnical Committee on Data Engineering. 801 0$bCGU 801 1$bCGU 801 2$bCGU 801 2$bOCLCQ 801 2$bDLC 801 2$bOCLCF 801 2$bOCL 801 2$bOCLCO 801 2$bOCLCQ 801 2$bDLC 801 2$bU3W 801 2$bOCLCQ 801 2$bOCLCL 906 $aCONFERENCE 912 $a9910626165503321 996 $aProceedings of the ... International Workshop on Research Issues in Data Engineering$92963121 997 $aUNINA